Novel Sahithyam (Record no. 52181)

MARC details
000 -LEADER
fixed length control field 00378nam a2200145Ia 4500
008 - FIXED-LENGTH DATA ELEMENTS--GENERAL INFORMATION
fixed length control field 211109s9999||||xx |||||||||||||| ||und||
082 ## - DEWEY DECIMAL CLASSIFICATION NUMBER
Classification number 894.812
Item number PAU-N
100 ## - MAIN ENTRY--PERSONAL NAME
Personal name Paul, M P
245 #0 - TITLE STATEMENT
Title Novel Sahithyam
260 ## - PUBLICATION, DISTRIBUTION, ETC.
Name of publisher, distributor, etc. Poorna
Place of publication, distribution, etc. Calicut
Date of publication, distribution, etc. 1930
300 ## - PHYSICAL DESCRIPTION
Extent 189p.
630 ## - SUBJECT ADDED ENTRY--UNIFORM TITLE
General subdivision General stack
650 ## - SUBJECT ADDED ENTRY--TOPICAL TERM
Topical term or geographic name entry element MALAYALAM LITERATURE
942 ## - ADDED ENTRY ELEMENTS (KOHA)
Koha item type BOOK
650 ## - SUBJECT ADDED ENTRY--TOPICAL TERM
Form subdivision MALAYALAM POETRYMalayalam189p.
Holdings
Withdrawn status Lost status Source of classification or shelving scheme Damaged status Not for loan Home library Current library Date acquired Cost, normal purchase price Full call number Barcode Shelving location Date last seen Price effective from Koha item type
    Dewey Decimal Classification     SB LIBRARY SB LIBRARY 09/11/2021 100.00 894.81209 PAU-N 00094419 GENERAL STACK 09/11/2021 09/11/2021 BOOK

Powered by Koha